Cortes de Castilla / (Record no. 119853)

MARC details
000 -LEADER
campo de control de longitud fija 00630nam a2200193 4500
001 - NÚMERO DE CONTROL
campo de control 119853
003 - IDENTIFICADOR DE NÚMERO DE CONTROL
campo de control ES-MaACL
005 - FECHA Y HORA DE LA ÚLTIMA TRANSACCIÓN
campo de control 20251001063036.0
007 - CAMPO FIJO DE DESCRIPCIÓN FÍSICA--INFORMACIÓN GENERAL
campo de control de longitud fija t|
008 - DATOS DE LONGITUD FIJA--INFORMACIÓN GENERAL
campo de control de longitud fija 070214s1974 sp r ||||1| spa d
100 1# - ENTRADA PRINCIPAL--NOMBRE DE PERSONA
Nombre de persona Pérez-Prendes y Muñoz de Arraco, José Manuel,
Fechas asociadas al nombre 1933-2017
9 (RLIN) 91093
245 10 - MENCIÓN DEL TÍTULO
Título Cortes de Castilla /
Mención de responsabilidad, etc. José Manuel Pérez-Prendes y Muñoz de Arraco.
260 ## - PUBLICACIÓN, DISTRIBUCIÓN, ETC.
Lugar de publicación, distribución, etc. Barcelona :
Nombre del editor, distribuidor, etc. Ariel,
Fecha de publicación, distribución, etc. 1974.
300 ## - DESCRIPCIÓN FÍSICA
Extensión 168 p. ;
Dimensiones 20 cm.
490 1# - MENCIÓN DE SERIE
Mención de serie Biblioteca de ciencia jurídica
830 0# - PUNTO DE ACCESO ADICIONAL DE SERIE-TÍTULO UNIFORME
Título uniforme Biblioteca de ciencia jurídica
9 (RLIN) 184039
852 ## - LOCALIZACIÓN
Ubicación ES-MaACL
Número de control de estantería E-6334
Sublocalización o colección R.90299
Holdings
Estatus retirado Estado de pérdida Estado de daño No para préstamo Biblioteca de origen Biblioteca actual Ubicación en estantería Fecha de adquisición Fuente de adquisición Total de préstamos Signatura topográfica completa Código de barras Visto por última vez Precio de reemplazo Tipo de ítem Koha
        Biblioteca del Ateneo de Madrid Biblioteca del Ateneo de Madrid Depósito 2 17/01/2008     E-6334 1124927 23/02/2023 23/02/2023 Libro impreso